004950000a22001090004500090001700000245018200017041001400199100003600213942001300249773010600262999001700368 aASbSeriadas10aAspectos de la dinámica poblacional de de Jaibas Callinectes sapidus Y C. bocourti de la Ciénaga Grande de Santa Marta, Caribe colombiano ()0 aEspañol1 aValencia, María José999204 cARTICULO1 tRevista de la Academia Colombiana de Ciencias Exactas, Fisicas y Naturales332h76q121-129d1996g20 c14322d14322